Normal view MARC view
  • Muslim pilgrims and pilgrimages -- Saudi Arabia -- Mecca -- History -- Juvenile literature. Muslim pilgrims and pilgrimages -- Saudi Arabia -- Mecca -- Juvenile literature. Muslim pilgrims and pilgrimages

Entry Topical Term

Number of records used in: 1

001 - CONTROL NUMBER

  • control field: 88762

003 - CONTROL NUMBER IDENTIFIER

  • control field: NUST

005 - DATE AND TIME OF LATEST TRANSACTION

  • control field: 20220203133305.0

008 - FIXED-LENGTH DATA ELEMENTS

  • fixed length control field: 220203|| aca||aabn | a|a d

040 ## - CATALOGING SOURCE

  • Original cataloging agency: NUST
  • Transcribing agency: NUST

150 ## - HEADING--TOPICAL TERM

  • Topical term or geographic name entry element: Muslim pilgrims and pilgrimages -- Saudi Arabia -- Mecca -- History -- Juvenile literature. Muslim pilgrims and pilgrimages -- Saudi Arabia -- Mecca -- Juvenile literature. Muslim pilgrims and pilgrimages

670 ## - SOURCE DATA FOUND

  • Source citation: Work cat.: (NUST)586422: Saniyasnain Khan 88760, Tell me about Hajj:, 2013.
© 2023 Central Library, National University of Sciences and Technology. All Rights Reserved.